000 01204nam a22002777a 4500
003 BD-DhSAU
005 20190101110509.0
008 160718b2016 bg ||||| |||| 001 0 eng d
040 _aBD-DhSAU
082 _222
_a581.15
_bR1293
100 _a Rahman , Md. Rezaur
_eRegistration No # 11-04415
245 _aGenetic variability, character association and diversity analysis in Wheat (Triticum aestivum L.) /
_c Rahman , Md. Rezaur
_bMs Thesis
260 _aSher-e-Bangla Agricultural University :
_bDepartment of Genetics and Plant Breeding,
_c2016.
300 _axi, 82 p. :
_bill. ;
_c30 cm.
500 _aMS thesis of Department of Genetics and Plant Breeding, Faculty of Agriculture, Sher-e-Bangla Agricultural University, Dhaka, Bangladesh
504 _aIncludes bibliographical references.
590 _ashofi
650 _aGenetics and Plant Breeding
650 _aGenetic variability
650 _aDiversity analysis
650 _aWheat (Triticum aestivum L.)
700 _aHossain , Md. Sarowar
_eSuperviser
700 _aZeba , Naheed
_eCo-superviser
856 _uhttp://archive.saulibrary.edu.bd:8080/xmlui/handle/123456789/1109
_yOnline Access
942 _2ddc
_cTHESIS
999 _c14244
_d14243